African Americans in the U.S. Senate - Statistics

General Stats
  • This quiz has been taken 115 times
    34 since last reset
  • The average score is 7 of 14
Answer Stats
Year(s) Senator % Correct
2005-2008 Barack Obama (D-IL)
86%
2013- Tim Scott (R-SC)
73%
2013- Cory Booker (D-NJ)
68%
2017-2021 Kamala Harris (D-CA)
68%
2025- Angela Alsobrooks (D-MD)
55%
2021- Raphael Warnock (D-GA)
55%
2023-2024 Laphonza Butler (D-CA)
50%
2025- Lisa Blunt Rochester (D-DE)
41%
1993-1999 Carol Moseley Braun (D-IL)
36%
1967-1979 Edward Brooke (R-MA)
36%
1870-1871 Hiram Revels (R-MS)
32%
2009-2010 Roland Burris (D-IL)
32%
1875-1881 Blanche Bruce (R-MS)
27%
2013 Mo Cowan (D-MA)
27%
No matching quizzes found
Score Distribution
Percent of People with Each Score
Percentile by Number Answered
Your Score History
You have not taken this quiz since the last reset